| 000 | 00420cam a2200157ua 4500 | ||
|---|---|---|---|
| 003 | OSt | ||
| 008 | 220216b ||||| |||| 00| 0 eng d | ||
| 041 | _aeng | ||
| 082 |
_a634.32 _bPAN/GR |
||
| 100 |
_aRaj mani, Pandey . _95181 |
||
| 245 | _aGrape in India / | ||
| 260 |
_aNew Delhi : _bIndian Council for Agricultural Research , _c1996. |
||
| 300 | _a115 ; . | ||
| 700 | 1 |
_aShyam Nagina, Pandey . _95182 |
|
| 942 | _cBK | ||
| 999 |
_c12055 _d12055 |
||